000 00544nam a22001697a 4500
005 20251108164901.0
008 250721s9999 xx 000 0 ara d
082 1 4 _a641.8/ريح
100 1 _aعبد الله، ريحانة
245 1 0 _aحلويات ريحانة :
_bكاتو - تارت - كيك - مثلجات /
264 1 _aبيروت :
_bشركة رشاد برس للطباعة و النشر و التوزيع،
_c[19-].
300 _a272ص
650 1 7 _aالسكاكر
650 1 7 _aالطبخ
942 _2ddc
_cBK
999 _c16621
_d16621